LIBRARY & INFORMATION CENTRE, KCAET, TAVANUR

ONLINE PUBLIC ACCESS CATALOGUE (OPAC)

Development and performance evaluation of a tractor powered manure pulverizer cum applicator (Record no. 16387)

MARC details
000 -LEADER
fixed length control field 00488nam a22001457a 4500
003 - CONTROL NUMBER IDENTIFIER
control field OSt
082 ## - DEWEY DECIMAL CLASSIFICATION NUMBER
Classification number 631.3
Item number SAI/D
088 ## - REPORT NUMBER
Report number T 489
100 ## - MAIN ENTRY--AUTHOR NAME
Personal name Sai Mohan V
245 ## - TITLE STATEMENT
Title Development and performance evaluation of a tractor powered manure pulverizer cum applicator
260 ## - PUBLICATION, DISTRIBUTION, ETC. (IMPRINT)
Place of publication Tavanur
Name of publisher Dept. of Farm machinery and power engineering
Year of publication 2020
300 ## - PHYSICAL DESCRIPTION
Other physical details CD included
856 ## - ELECTRONIC LOCATION AND ACCESS
Uniform Resource Identifier https://drive.google.com/file/d/1ZfSYfXFMjIVyVrlJbQeIDMX3_wfGDNTT/view?usp=sharing
942 ## - ADDED ENTRY ELEMENTS (KOHA)
Koha item type Theses
Holdings
Collection code Home library Current library Shelving location Full call number Accession Number Koha item type Public note
Reference KAUAET KAUAET Reference 631.3 SAI/D T 489 Theses M.Tech Thesis
free website counter